| 000 | 01211nam a2200337 a 4500 | ||
|---|---|---|---|
| 001 | 000109959 | ||
| 003 | CHAP | ||
| 005 | 20220329144110.0 | ||
| 008 | 140616s2014 mx a |sm |||||||spa d | ||
| 010 | _a106421 | ||
| 011 | _a107393 | ||
| 040 | _cCHAP | ||
| 090 | _aTesis | ||
| 100 | 1 |
_aIdelfonso Mendoza, Jannet _9127313 |
|
| 245 | 1 | 0 |
_aProducción de lilis para flor de corte en hidropónia, en contenedores de polietileno _h[En línea] _cpor Jannet Idelfonso Mendoza. |
| 260 |
_aChapingo, Méx. : _bEl autor, _c2014. |
||
| 500 | _aPara ver el contenido del material haga clic en la liga | ||
| 502 | _aTesis (Ing. Agr. Esp. en Fitotecnia) -- UACH. Departamento de Fitotecnia | ||
| 590 |
_aBATCH-UPD _b05 _c20141002 _lUCH01 _h0904 |
||
| 590 |
_aE5652GLJ _b05 _c20140616 _lUCH01 _h0949 |
||
| 590 |
_aE5652GLJ _b05 _c20140616 _lUCH01 _h0949 |
||
| 590 |
_aE5652GLJ _b05 _c20140616 _lUCH01 _h1350 |
||
| 650 | 1 | 4 |
_aCultivos en invernadero. _930376 |
| 650 | 1 | 4 |
_aFlores _xCorte. _941368 |
| 650 | 1 | 4 |
_aFlores _xCostos de producción. _941370 |
| 650 | 1 | 4 |
_aLilium _xProducción. _9127339 |
| 856 |
_aFinding aid _uhttp://10.13.5.2/tesis/sist109959.pdf _zTeclea aquí |
||
| 901 | _aBK | ||
| 942 | _cTESIS | ||
| 942 | _n0 | ||
| 999 |
_c106421 _d106421 |
||